Microbe 1984: Part 1 Viruses: Thirtysixth symposium of the society for general microbiology held at University of Warkwick, 1984 (Record no. 38167)

MARC details
000 -LEADER
fixed length control field 00564nam a2200169Ia 4500
082 ## - DEWEY DECIMAL CLASSIFICATION NUMBER
Classification number 579(06)
Item number SYM
100 ## - MAIN ENTRY--AUTHOR NAME
Personal name MAHY, B W J
245 #0 - TITLE STATEMENT
Title Microbe 1984: Part 1 Viruses: Thirtysixth symposium of the society for general microbiology held at University of Warkwick, 1984
260 ## - PUBLICATION, DISTRIBUTION, ETC. (IMPRINT)
Place of publication Cambridge
Name of publisher Cambridge University
490 ## - SERIES STATEMENT
Series statement Symposia of the society for general microbiology 36 Pt 1
650 ## - SUBJECT ADDED ENTRY--TOPICAL TERM
Topical Term Human cancer
650 ## - SUBJECT ADDED ENTRY--TOPICAL TERM
Topical Term Microbiology
650 ## - SUBJECT ADDED ENTRY--TOPICAL TERM
Topical Term Viruses
700 ## - ADDED ENTRY--PERSONAL NAME
Personal name PATTINSON, J R
942 ## - ADDED ENTRY ELEMENTS (KOHA)
Koha item type Books
Holdings
Withdrawn status Lost status Damaged status Not for loan Home library Current library Date acquired Full call number Accession Number Koha item type
        RRII Library RRII Library 16/12/2021 579(06) SYM 18530 Books